000
00211nam a22000857a 4500
008
161213b xxu||||| |||| 00| 0 eng d
100
_9
2040
_a
Dahl.R.
245
_a
Boy Tales of childhood
260
_a
USA
_b
Jonathan
_c
1984
999
_c
4915
_d
4915